| 000 | 01297cam a2200445 i 4500 | ||
|---|---|---|---|
| 999 |
_c63913 _d16880 |
||
| 001 | 63913 | ||
| 003 | TR-AnTOB | ||
| 005 | 20240425145529.0 | ||
| 007 | ta | ||
| 008 | 071004r20041985enka b 001 0 eng d | ||
| 010 | _a84011346 | ||
| 020 | _a0521347963 | ||
| 035 | 9 | _a(UCD)ABC-6160 | |
| 035 | 9 | _a(SBN)ABS9014 | |
| 035 | 9 | _a(SBN)ABS9014 | |
| 035 | _a(CStRLIN)CASX10778093-B | ||
| 039 | 0 |
_a2 _b3 _c3 _d3 _e3 |
|
| 040 |
_aDLC _beng _erda _cDLC _dCU-SB _dCStRLIN _dTR-AnTOB |
||
| 041 | 0 | _aeng | |
| 050 | 0 |
_aTA350 _b.J57 2004 |
|
| 090 |
_aTA350 _b.J57 1985 |
||
| 100 |
_aJohnson, K. L., _q(Kenneth Langstreth), _d1925- _eauthor _936890 |
||
| 245 | 0 |
_aContact mechanics / _cK.L. Johnson. |
|
| 250 | _a1st paperback ed. with corrections. | ||
| 264 | 1 |
_aCambridge [Cambridgeshire] ; _aNew York : _bCambridge University Press, _c2004. |
|
| 300 |
_axi, 452 pages : _billustrations ; _c24 cm |
||
| 336 |
_2rdacontent _atext _btxt |
||
| 337 |
_2rdamedia _aunmediated _bn |
||
| 338 |
_2rdacarrier _avolume _bnc |
||
| 504 | _aBIBINDX | ||
| 650 |
_aSurfaces (Technology) _921918 |
||
| 650 | 0 |
_aContact mechanics _937926 |
|
| 650 | 0 |
_aRolling contact _936891 |
|
| 650 |
_aMechanics, Applied _9560 |
||
| 901 | _a0020953 | ||
| 902 | _aSA | ||
| 942 |
_2lcc _cBK |
||